| 000 | 01169nam a2200277 a 4500 | ||
|---|---|---|---|
| 001 | 000016582 | ||
| 005 | 20240307073941.0 | ||
| 008 | 100308s1985 dr a 000 0 spa d | ||
| 020 | _z8489525188 | ||
| 040 |
_aDO-SdBNP _bspa _cBNPHU |
||
| 082 |
_a615.1 _bF233m |
||
| 245 | 0 | 0 |
_aFarmacología médica / _ceditor Bernardo A. Defilló M. |
| 260 |
_aSanto Domingo : _bINTEC, _c1985. |
||
| 300 |
_av. : _bil. ; _c23 cm. |
||
| 490 | 1 |
_aInvestigaciones _v4 |
|
| 500 | _aIncluye índice alfabético | ||
| 500 | _aLa biblioteca posee el v. 3 | ||
| 505 | 0 |
_gv. 1 -- _tDrogas esenciales: para el aparato cardiovascular y respiratorio / _rBernardo A. Defilló M. _gv. 2 -- _tDrogas esenciales: psico-fármacos y anestésicos / _rVicente J. Liz Linares, Jesús Descarán Züter, Fernando Ibert Acosta _gv.3 -- _tDrogas esenciales: antiinfecciosos / _rBernardo A. Defilló M. |
|
| 590 | _aInventariado, 2018/LP | ||
| 650 | 4 |
_aFarmacología _96326 |
|
| 650 | 4 |
_aMedicamentos _96323 |
|
| 700 | 1 | 2 |
_aDefilló M., Bernardo A., _eed. _936872 |
| 710 | 2 |
_aInstituto Tecnológico de Santo Domingo _978911 |
|
| 830 | 0 |
_aInvestigaciones _n4 _936873 |
|
| 910 | _aValidado. Control de calidad MFF | ||
| 999 |
_c16115 _d16115 |
||